000 00766nam a2200241 i 4500
001 000047532
003 DO-SdBNP
005 20230908104203.0
007 ta
008 180621s2004 dr 000 spa d
040 _aDO-SdBNP
_bspa
_cBNPHU
_erda
082 4 _222
245 0 3 _aEl fraude en el Baninter y sus efectos en la sociedad :
_buna parte de lo que ha escrito y publicado sobre la mayor estafa bancaria en la República Dominicana.
260 _aSanto Domingo :
264 _aSanto Domingo :
_bMediabyte,
_c2004.
300 _a225 páginas ;
_c24 cm.
336 _2rdacontent
_atexto
_btxt
337 _2rdamedia
_aain mediación
_bnc
338 _2rdacarrier
_avolumen
_bn
590 _aInventariado,2018/DG
910 _aBtavárez
942 _2ddc
_cLBS1
999 _c47020
_d47020